00421nam a22001577a 450000500170000000800410001702000180005804100130007608200150008910000130010424500290011725000230014626000440016930000250021365000250023820231214062446.0231214b |||||||| |||| 00| 0 eng d a9780639013060 aEnglish  a343.4 TRA  lEnglish  aTransfer and Bond Costs  aJuly 2021 Edition  aDurban : bLexisNexis (Pty) Ltd, c2021 b118 pages ; c25 cm. aLegal practice bLaw